000 00367nam a2200157Ia 4500
999 _c10782
_d10782
008 191201s2011 xx 000 0 und d
082 _a382.6
_bRAE
100 _aRATHOR, B.S.
245 0 _aExport Marketing
250 _a3rd Rep.
260 _aNew Delhi
_bHimalaya Pub.
_c2019
300 _a754
650 _aB Com
700 _aRATHOR, J.S.
942 _2ddc
_cBK
_01